Guess the 1960s song lyrics #201 - Statistics

General Stats
  • This quiz has been taken 20 times
  • The average score is 90 of 158
Answer Stats
Answer % Correct
I
100%
go
94%
In
94%
in
94%
A
88%
the
88%
and
82%
And
82%
I'll
82%
on
82%
you
82%
are
76%
I'm
76%
there
76%
where
76%
Where
76%
that
71%
days
59%
fun
59%
long
59%
nights
59%
out
59%
sun
59%
they
59%
They
59%
Well
59%
havin
53%
California
47%
girls
47%
most
47%
short
47%
they're
47%
warm
47%
goin
41%
pretty
41%
belong
35%
little
35%
really
35%
Yeah
35%
coast
24%
old
24%
Rivieras
24%
west
24%
chick
18%
fly
18%
Frisco
18%
frisky
18%
shimmy
18%
twist
18%
walk
18%
wherever
18%
No matching quizzes found
Score Distribution
Percent of People with Each Score
Percentile by Number Answered
Your Score History
You have not taken this quiz